| 000 | 01560cam a2200361 4500 | ||
|---|---|---|---|
| 001 | 2538 | ||
| 005 | 20181127165251.0 | ||
| 008 | 720615r19721741nyu b 000 1 eng | ||
| 010 | _a 75165373 | ||
| 020 | _a0690465459 | ||
| 100 | 1 |
_aFielding, Henry, _d1707-1754. |
|
| 240 | 1 | 0 | _aHistory of the adventures of Joseph Andrews |
| 245 | 1 | 0 |
_aJoseph Andrews, and Shamela / _cHenry Fielding; edited by Sheridan Baker. |
| 260 |
_aNew York : _bThomas Y. Crowell Co., _c1972. |
||
| 300 |
_axxxv, 504 p. ; _c23 cm. |
||
| 490 | 0 | _aThe Crowell critical library | |
| 500 | _a""Essays in criticism"": p. [401]-502. | ||
| 500 | _aJoseph Andrews was first published in 1742 under title: The history of adventures of Joseph Andrews and of his friend Mr. Abraham Adams. Shamela was first published in 1741 under title: An apology for the life of Mrs. Shamela Andrews. | ||
| 504 | _aBibliography: p. [503]-504. | ||
| 650 | 0 |
_aClergy _vFiction. |
|
| 650 | 0 |
_aHousehold employees _vFiction. |
|
| 650 | 0 |
_aMale friendship _vFiction. |
|
| 650 | 0 |
_aSocial classes _vFiction. |
|
| 650 | 0 |
_aYoung men _vFiction. |
|
| 651 | 0 |
_aEngland _vFiction. |
|
| 655 | 7 |
_aAdventure stories. _2gsafd |
|
| 655 | 7 |
_aHumorous stories. _2gsafd |
|
| 700 | 1 |
_aBaker, Sheridan Warner, _d1918- _eed. |
|
| 700 | 1 | 2 |
_aFielding, Henry, _d1707-1754. _tApology for the life of Mrs. Shamela Andrews. _f1972. |
| 740 | 0 | _aShamela. | |
| 856 |
_a _uhttp://www.gutenberg.org/files/30962/30962-h/30962-h.htm _yShamela _z _3 |
||
| 856 |
_a _uhttp://www2.hn.psu.edu/faculty/jmanis/fielding.htm _yJoseph Andrews _z _3 |
||
| 999 |
_c2022 _d2022 |
||